[Event "10. Forchheimer Sparkassen Open"]
[Site "www.schachclub-forchheim.de"]
[Date "2011.10.07"]
[Round "1.1"]
[White "IM Neuman Petr"]
[Black "Gentner Markus"]
[Result "1-0"]
[WhiteElo "2463"]
[BlackElo "2026"]
[PlyCount "99"]
[EventDate "2011.??.??"]

1. d4 Nf6 2. c4 e6 3. Nc3 Bb4 4. Qc2 Bxc3+ 5. Qxc3 Ne4 6. Qc2 f5 7. e3 b6 8.
Nh3 Bb7 9. f3 Nf6 10. Bd3 Nc6 11. a3 a5 12. b3 Qe7 13. O-O d6 14. Bb2 O-O 15.
Nf2 Nd7 16. Rae1 Qh4 17. g3 Qh5 18. Be2 Qh6 19. f4 e5 20. d5 Ne7 21. Nd3 e4 22.
Nf2 Nf6 23. h3 Qg6 24. Kh2 h5 25. Rg1 Kf7 26. Rg2 Rh8 27. Rh1 Bc8 28. Kg1 Bd7
29. Kf1 c6 30. dxc6 Nxc6 31. Rhg1 Qh7 32. g4 hxg4 33. hxg4 fxg4 34. Bxg4 Bxg4
35. Nxg4 Nxg4 36. Rxg4 Qh3+ 37. Qg2 Rag8 38. Ke2 Qxg2+ 39. R1xg2 Rh7 40. Rg6
Rh6 41. Rxg7+ Rxg7 42. Bxg7 Rh1 43. Kd2 a4 44. b4 Rb1 45. Bc3 Rb3 46. Rg7+ Ke6
47. Rb7 Rxa3 48. Rxb6 Ra2+ 49. Kc1 Re2 50. Rxc6 1-0

[Event "10. Forchheimer Sparkassen Open"]
[Site "www.schachclub-forchheim.de"]
[Date "2011.10.07"]
[Round "1.2"]
[White "Weigert Wilhelm"]
[Black "IM Luch Michael"]
[Result "0-1"]
[WhiteElo "2022"]
[BlackElo "2433"]
[PlyCount "72"]
[EventDate "2011.??.??"]

1. Nf3 Nf6 2. c4 e6 3. g3 d5 4. Bg2 dxc4 5. O-O a6 6. a4 Nbd7 7. b3 cxb3 8.
Qxb3 Rb8 9. Nc3 b5 10. axb5 axb5 11. d4 b4 12. Na4 Bb7 13. Bb2 Bd6 14. Rfd1 Qc8
15. Rac1 Bd5 16. Qd3 Qb7 17. Nc5 Qb5 18. Nxd7 Nxd7 19. Qxb5 Rxb5 20. Nd2 Bxg2
21. Kxg2 Nb6 22. Nc4 Nxc4 23. Rxc4 Ra5 24. e4 Kd7 25. Rdc1 Rc8 26. h4 Ra2 27.
Rb1 Rb8 28. e5 Be7 29. Kf3 f6 30. Ke3 fxe5 31. dxe5 c5 32. Kd3 Rf8 33. f4 Kc6
34. Kc2 Rd8 35. Kb3 Ra7 36. Kc2 Kb5 0-1

[Event "10. Forchheimer Sparkassen Open"]
[Site "Forchheim"]
[Date "2011.10.07"]
[Round "1.4"]
[White "Lais, Thomas"]
[Black "Mons, Leon"]
[Result "0-1"]
[WhiteElo "1919"]
[BlackElo "2342"]
[PlyCount "30"]
[EventDate "2011.??.??"]
[WhiteTeam "SW Nürnberg Süd e.V."]
[BlackTeam "SC Forchheim e.V."]

1. e4 {[%emt 0:00:00]} g6 2. d4 Bg7 3. Nc3 d6 4. f4 a6 5. Nf3 b5 6. Bd3 Nd7 7.
a4 b4 8. Nd5 c5 9. dxc5 Nxc5 10. Nxb4 Bb7 11. Qe2 Nf6 12. e5 dxe5 13. fxe5 Ng4
14. h3 Bxf3 15. gxf3 Nxe5 0-1

[Event "10. Forchheimer Sparkassen Open"]
[Site "Forchheim"]
[Date "2011.10.07"]
[Round "1.5"]
[White "Vuckovic, Aleksandar"]
[Black "Auburger, Philipp"]
[Result "1-0"]
[WhiteElo "2293"]
[BlackElo "1919"]
[PlyCount "65"]
[EventDate "2011.??.??"]

1. e4 {[%emt 0:00:00]} e5 2. Nf3 Nf6 3. d4 Nxe4 4. Nxe5 d6 5. Nd3 d5 6. g3 Be7
7. Bg2 O-O 8. O-O c6 9. c4 Nf6 10. c5 Bf5 11. Nc3 Nbd7 12. b4 b6 13. Bf4 Re8
14. b5 Bxd3 15. Qxd3 bxc5 16. bxc6 c4 17. Qb1 Nb6 18. Nb5 Nh5 19. Bc7 Qc8 20.
Bxb6 axb6 21. Bxd5 Ra4 22. Qc2 Ra5 23. Qxc4 Qf5 24. Rfe1 Kf8 25. Re5 Qg6 26. c7
Rc8 27. Rae1 Rxb5 28. Rxe7 Rb1 29. Bb7 Qf5 30. Bxc8 Rxe1+ 31. Rxe1 Qxc8 32.
Qb4+ Kg8 33. Qe7 1-0

[Event "10. Forchheimer Sparkassen Open"]
[Site "Forchheim"]
[Date "2011.10.07"]
[Round "1.6"]
[White "Nagy, Laura"]
[Black "Golda, Harald"]
[Result "0-1"]
[WhiteElo "1909"]
[BlackElo "2278"]
[PlyCount "110"]
[EventDate "2011.??.??"]
[WhiteTeam "ASK St. Valentin"]
[BlackTeam "Schachklub Schweinfurt 2000 e.V."]

1. e4 {[%emt 0:00:00]} c5 2. Nc3 Nc6 3. g3 Nf6 4. Bg2 e6 5. d3 d5 6. exd5 Nxd5
7. Nge2 Nxc3 8. Nxc3 Bd7 9. Be3 Be7 10. O-O Rc8 11. Ne4 b6 12. Qd2 O-O 13. f4
Nd4 14. Ng5 Bc6 15. Bxc6 Rxc6 16. Qg2 Rc7 17. Ne4 Nf5 18. Bf2 Nd6 19. Rad1 Rd7
20. Nxd6 Rxd6 21. Be3 Bf6 22. Rb1 Bd4 23. Qf3 Qd7 24. Kg2 Bxe3 25. Qxe3 Qa4 26.
Qe2 Qxa2 27. b3 Qa6 28. Qf3 Qc8 29. Ra1 a5 30. Kg1 Qa8 31. Qe3 Qd8 32. Rae1 {
[%emt 0:00:00]} Qf6 {[%emt 0:00:00]} 33. Rf2 h5 34. h3 Rd5 35. Qf3 Rfd8 36.
Rfe2 g6 37. Kh2 Qc3 38. Qf2 b5 39. Re4 Rd4 40. Re5 R8d5 41. Rxd5 Rxd5 42. Re2
a4 43. bxa4 bxa4 44. Qe1 Qxe1 45. Rxe1 c4 46. Ra1 cxd3 47. cxd3 Ra5 48. Kg2 Kf8
49. Kf2 Ke7 50. Ke3 a3 51. Kd2 a2 52. Kc3 Kd6 53. Kb3 Kd5 54. Kc3 Ra8 55. g4 h4
0-1

[Event "10. Forchheimer Sparkassen Open"]
[Site "Forchheim"]
[Date "2011.10.07"]
[Round "1.7"]
[White "Heidrich, Manfred"]
[Black "Winkler, Stefan"]
[Result "1-0"]
[WhiteElo "2254"]
[BlackElo "1901"]
[PlyCount "109"]
[EventDate "2011.??.??"]

1. e4 {[%emt 0:00:00]} e6 2. d4 d5 3. Nc3 Nf6 4. e5 Nfd7 5. f4 c5 6. Nf3 Nc6 7.
Be3 f6 8. exf6 Nxf6 9. dxc5 Qa5 10. Qd2 Bxc5 11. Bxc5 Qxc5 12. Bd3 Bd7 13.
O-O-O a6 14. Rde1 O-O 15. Ne2 Nb4 16. Kb1 Nxd3 17. cxd3 Rac8 18. Ned4 Rfe8 19.
Re2 Re7 20. Rhe1 Rce8 21. Qc1 Qb6 22. Rc2 Ba4 23. Rc3 Nd7 24. Qe3 Qd6 25. Ne5
Nf8 26. Rec1 Ng6 27. Nxg6 hxg6 28. Nf3 g5 29. fxg5 e5 30. Qc5 Qd7 31. d4 Qf5+
32. Ka1 exd4 33. Qxd4 Bc6 34. Qc5 Qg6 35. a3 Re2 36. R3c2 Rxc2 37. Qxc2 Qe4 38.
Qxe4 dxe4 39. Nd4 Ba4 40. b3 Bd7 41. Kb2 Bg4 42. h3 Bh5 43. Re1 Bg6 44. Kc3
Rc8+ 45. Kd2 Rd8 46. Ke3 Rc8 47. Ne2 Rd8 48. Nf4 Kf7 49. Rc1 Bf5 50. Rc7+ Kg8
51. Rxb7 Rc8 52. g4 Rc3+ 53. Kd4 Rd3+ 54. Nxd3 exd3 55. Ke3 1-0

[Event "10. Forchheimer Sparkassen Open"]
[Site "Forchheim"]
[Date "2011.10.07"]
[Round "1.8"]
[White "Mager, Denis"]
[Black "Gegenfurtner, Jürgen"]
[Result "0-1"]
[WhiteElo "1895"]
[BlackElo "2252"]
[PlyCount "86"]
[EventDate "2011.??.??"]
[WhiteTeam "SAbt TuS Makkabi Ffm"]
[BlackTeam "TSV Wacker Neutraubling"]

1. d4 {[%emt 0:00:00]} d5 2. c4 e6 3. e3 Nf6 4. Nf3 Be7 5. b3 O-O 6. Bd3 Nbd7
7. O-O c5 8. Bb2 b6 9. Nbd2 Bb7 10. Ne5 cxd4 11. exd4 dxc4 12. Ndxc4 Rc8 13.
Rc1 g6 14. Re1 Nd5 15. Nxd7 Qxd7 16. Ne5 Qd8 17. Qg4 Bf6 18. Nc4 Bg5 19. Rcd1
Nf4 20. Bf1 h5 21. Qg3 h4 22. Qc3 Nd5 23. Qd3 Nf4 24. Qc3 Qf6 25. Re5 Nd5 26.
Qd3 Rfd8 27. Ba3 Bf4 28. Ree1 Bb8 29. g3 Bc7 30. Bg2 a6 31. Qf3 Qg7 32. Qg4
hxg3 33. fxg3 b5 34. Ne5 Bb6 35. Nxf7 Qxf7 36. Rxe6 Nf6 37. Qe2 Bxg2 38. Rxb6
Nd5 39. Rxa6 Bh3 40. Bc5 Nc3 41. Qc2 Rxc5 42. Rxg6+ Kf8 43. Rh6 Rh5 0-1

[Event "10. Forchheimer Sparkassen Open"]
[Site "Forchheim"]
[Date "2011.10.07"]
[Round "1.9"]
[White "Holzhäuer, Mathias"]
[Black "Weiland, Günter"]
[Result "1-0"]
[WhiteElo "2242"]
[BlackElo "1893"]
[PlyCount "49"]
[EventDate "2011.??.??"]

1. e4 {[%emt 0:00:00]} g6 2. d4 Bg7 3. Nc3 d6 4. f4 e6 5. Nf3 Nd7 6. Be3 a6 7.
Qd2 b5 8. Bd3 Ne7 9. O-O-O Nb6 10. h4 h5 11. Qe2 Kf8 12. a3 c6 13. Rhf1 a5 14.
Rde1 b4 15. Nb1 Na4 16. Qd2 Qb6 17. b3 bxa3 18. Nxa3 Qb4 19. Qxb4 axb4 20. Nc4
d5 21. bxa4 dxc4 22. Bxc4 Rxa4 23. Bb3 Ra8 24. Ne5 Ke8 25. Kd2 1-0

[Event "10. Forchheimer Sparkassen Open"]
[Site "Forchheim"]
[Date "2011.10.07"]
[Round "1.10"]
[White "Sivaji, Siva"]
[Black "Liepold, Stefan"]
[Result "0-1"]
[WhiteElo "1890"]
[BlackElo "2236"]
[PlyCount "62"]
[EventDate "2011.??.??"]
[WhiteTeam "SK Luzern"]
[BlackTeam "SC Erlangen 48/88 e.V."]

1. d4 {[%emt 0:00:00]} Nf6 2. c4 g6 3. Nc3 d5 4. cxd5 Nxd5 5. e4 Nxc3 6. bxc3
Bg7 7. Bc4 c5 8. Be3 Nc6 9. Ne2 cxd4 10. cxd4 Qa5+ 11. Bd2 Qh5 12. Bc3 Qg4 13.
Ng3 Qxd1+ 14. Rxd1 O-O 15. O-O Rd8 16. Ne2 Bd7 17. f3 Rac8 18. Bb3 e6 19. g4
Nb8 20. Bb4 Bb5 21. Rf2 Bxe2 22. Rxe2 Nc6 23. Bc5 Bxd4+ 24. Bxd4 Nxd4 25. Re3
e5 26. Red3 g5 27. Kf2 h6 28. h4 Kg7 29. Bd5 b6 30. hxg5 hxg5 31. Rh1 Rc2+ 0-1

[Event "10. Forchheimer Sparkassen Open"]
[Site "Forchheim"]
[Date "2011.10.07"]
[Round "1.11"]
[White "Löw, Gerald"]
[Black "Luther, Helmut"]
[Result "0-1"]
[WhiteElo "2215"]
[BlackElo "1881"]
[PlyCount "64"]
[EventDate "2011.??.??"]

1. c4 {[%emt 0:00:00]} d6 2. g3 e5 3. Bg2 f5 4. d4 Nf6 5. dxe5 dxe5 6. Qxd8+
Kxd8 7. Nc3 c6 8. Nf3 Bd6 9. O-O h6 10. Rd1 Ke7 11. Nh4 Rd8 12. e4 fxe4 13.
Nxe4 Nxe4 14. Bxe4 Kf6 15. Be3 Na6 16. f4 exf4 17. gxf4 Bg4 18. Re1 Bc5 19. Bg6
Rd2 20. b4 Bd4 21. Rab1 Rd8 22. a3 Nc7 23. Rb3 Ne6 24. h3 Bd1 25. Bxd4+ R8xd4
26. Rbe3 Nxf4 27. Bb1 g5 28. Nf5 Rg2+ 29. Kh1 Rdd2 30. Be4 Bf3 31. Rxf3 Rh2+
32. Kg1 Rdg2+ 0-1

[Event "10. Forchheimer Sparkassen Open"]
[Site "Forchheim"]
[Date "2011.10.07"]
[Round "1.12"]
[White "Boudkeev, Timour"]
[Black "Wagner, Florian"]
[Result "0-1"]
[WhiteElo "1874"]
[BlackElo "2212"]
[PlyCount "44"]
[EventDate "2011.??.??"]
[WhiteTeam "Schachgesellschaft Zürich"]
[BlackTeam "SC Noris-Tarrasch Nürnberg 1873"]

1. d4 {[%emt 0:00:00]} d5 2. c4 c6 3. e3 Nf6 4. Nc3 e6 5. Nf3 Nbd7 6. Be2 dxc4
7. Bxc4 b5 8. Be2 a6 9. O-O Bb7 10. b3 Bd6 11. Bb2 Qe7 12. e4 e5 13. dxe5 Nxe5
14. Nxe5 Bxe5 15. f4 Qc5+ 16. Kh1 Bxc3 17. Bxc3 Qxc3 18. Rc1 Qa5 19. e5 Nd5 20.
Qd3 O-O 21. f5 f6 22. e6 Rfd8 0-1

[Event "10. Forchheimer Sparkassen Open"]
[Site "Forchheim"]
[Date "2011.10.07"]
[Round "1.13"]
[White "Heimrath, Reiner"]
[Black "Adler, Herbert"]
[Result "0-1"]
[WhiteElo "2201"]
[BlackElo "1872"]
[PlyCount "88"]
[EventDate "2011.??.??"]

1. e4 {[%emt 0:00:00]} e6 2. d3 d5 3. Nd2 Nf6 4. Ngf3 c5 5. Be2 Nc6 6. O-O Be7
7. c3 O-O 8. Re1 Qc7 9. Bf1 b6 10. a3 a5 11. e5 Nd7 12. d4 f6 13. Qe2 fxe5 14.
Nxe5 Ndxe5 15. dxe5 Rf5 16. Nf3 Ba6 17. Qe3 Bxf1 18. Kxf1 Raf8 19. b3 g5 20. h3
h5 21. Ra2 R8f7 22. Rae2 g4 23. hxg4 hxg4 24. Ng1 Bh4 25. g3 Bg5 26. Qxg5+ Rxg5
27. Bxg5 Rf5 28. Bf4 d4 29. c4 Rh5 30. Re4 Qh7 31. Bd2 Qg7 32. Bf4 Kf7 33. Kg2
Qh7 34. Bd2 Rh1 35. Rf4+ Ke8 36. Rxg4 Qh2+ 37. Kf3 Rxg1 38. Re2 Qg2+ 39. Kf4 d3
40. Re4 Qxf2+ 41. Kg5 Qxd2+ 42. Kg6 Qf2 43. Ref4 Nxe5+ 44. Kg7 Nxg4 0-1

[Event "10. Forchheimer Sparkassen Open"]
[Site "Forchheim"]
[Date "2011.10.07"]
[Round "1.14"]
[White "Dürr, Florian"]
[Black "Kesik, Klaus-Dieter"]
[Result "0-1"]
[WhiteElo "1869"]
[BlackElo "2199"]
[PlyCount "92"]
[EventDate "2011.??.??"]
[WhiteTeam "SC Erlangen 48/88 e.V."]
[BlackTeam "SC Hoyerswerda"]

1. e4 {[%emt 0:00:00]} Nf6 2. e5 Nd5 3. d4 d6 4. c4 Nb6 5. exd6 cxd6 6. b3 g6
7. Bb2 Bg7 8. Na3 O-O 9. Bd3 Nc6 10. Nc2 d5 11. Ne2 dxc4 12. bxc4 Be6 13. c5
Na4 14. Rb1 Bxa2 15. O-O Bxb1 16. Qxb1 Nxc5 17. Bxg6 hxg6 18. dxc5 Bxb2 19.
Qxb2 Qd2 20. Ng3 Nb4 21. Qxb4 Qxc2 22. Re1 Rfd8 23. h3 Rd1 24. Rxd1 Qxd1+ 25.
Kh2 Qd7 26. Qa5 a6 27. Ne4 Rc8 28. Qa2 Rxc5 29. Nxc5 Qc7+ 30. g3 Qxc5 31. Kg2
a5 32. h4 Qc6+ 33. Kg1 a4 34. h5 b5 35. Qd2 Qd6 36. Qc2 gxh5 37. Qc8+ Kg7 38.
Qc3+ f6 39. Qf3 Qc5 40. Kg2 a3 41. Qb3 h4 42. Qe6 Qd6 43. Qb3 Kf8 44. Qe3 Qd5+
45. Kh2 a2 46. Qh6+ Ke8 0-1

[Event "10. Forchheimer Sparkassen Open"]
[Site "Forchheim"]
[Date "2011.10.07"]
[Round "1.15"]
[White "Van Ginkel, Pieter"]
[Black "Müller, Constantin"]
[Result "0-1"]
[WhiteElo "2170"]
[BlackElo "1868"]
[PlyCount "68"]
[EventDate "2011.??.??"]

1. d4 {[%emt 0:00:00]} d5 2. c4 c6 3. Nf3 Nf6 4. Nc3 a6 5. a4 e6 6. Bg5 Be7 7.
e3 O-O 8. Be2 a5 9. O-O Na6 10. Ne5 Nd7 11. Bxe7 Qxe7 12. Nf3 Nb4 13. e4 dxe4
14. Nxe4 Nf6 15. Nc5 Rd8 16. Qc1 e5 17. dxe5 Ng4 18. Nb3 Nxe5 19. Rd1 Bg4 20.
Qc3 Bxf3 21. Bxf3 Nxf3+ 22. Qxf3 Qh4 23. Qc3 Qg4 24. f3 Qg5 25. Rd2 Rxd2 26.
Nxd2 Qc5+ 27. Kf1 Rd8 28. Ne4 Qh5 29. h3 Rd3 30. Qc1 Qe5 31. Nf2 Rd8 32. Ra3 h6
33. Re3 Qd4 34. Re4 Qxf2+ 0-1

[Event "10. Forchheimer Sparkassen Open"]
[Site "Forchheim"]
[Date "2011.10.07"]
[Round "1.16"]
[White "Thürauf, Peter"]
[Black "Klek, Hanna-Marie"]
[Result "0-1"]
[WhiteElo "1863"]
[BlackElo "2160"]
[PlyCount "138"]
[EventDate "2011.??.??"]
[WhiteTeam "SW Nürnberg Süd e.V."]
[BlackTeam "SC Erlangen 48/88 e.V."]

1. d4 d5 2. Nf3 Nf6 3. c4 e6 4. Nc3 Be7 5. Bg5 h6 6. Bh4 O-O 7. e3 b6 8. Bxf6
Bxf6 9. cxd5 exd5 10. Be2 Be6 11. O-O Qe7 12. Rc1 Rd8 13. Qc2 c6 14. Rfd1 Qb7
15. Na4 Rc8 16. Qd3 Rc7 17. Nd2 Nd7 18. Nb3 Be7 19. Bf3 Rd8 20. Qe2 Nf6 21. Nc3
c5 22. Nb5 Rcc8 23. Nc3 Bf8 24. Qf1 h5 25. Be2 c4 26. Nd2 b5 27. h3 b4 28. Ncb1
Qa6 29. b3 Qxa2 30. bxc4 dxc4 31. Nxc4 Qa4 32. Nbd2 Nd5 33. Ra1 Qd7 34. Ne5 Qe7
35. Ba6 Rc7 36. Rdb1 Ra8 37. Rb2 Nc3 38. Nd3 Rb8 39. Nc5 Rxc5 40. dxc5 Qxc5 41.
Nb3 Qg5 42. Kh1 Bd6 43. Nd4 Bd5 44. f4 Qg3 45. Qe1 Qxh3+ 46. Kg1 Qg4 47. Bd3
Qd7 48. Qh4 Qe8 49. Qh3 Bc5 50. g4 Be4 51. Bc4 hxg4 52. Qh5 Bxd4 53. exd4 g6
54. Qxg4 Bf5 55. Qg3 Qd7 56. Qf2 Qc7 57. Bb3 a5 58. Rc1 Qd6 59. Ra1 Ra8 60. Qe3
Qd7 61. Rh2 Re8 62. Qd2 Bh3 63. Kh1 Bg4 64. Re1 Bf3+ 65. Kg1 Rxe1+ 66. Qxe1
Qxd4+ 67. Kf1 Bc6 68. Bxf7+ Kxf7 69. Rh7+ Kg8 0-1

[Event "10. Forchheimer Sparkassen Open"]
[Site "Forchheim"]
[Date "2011.10.07"]
[Round "1.17"]
[White "Miller, Eduard"]
[Black "Blank, Stefan"]
[Result "1-0"]
[WhiteElo "2153"]
[BlackElo "1863"]
[PlyCount "89"]
[EventDate "2011.??.??"]

1. d4 {[%emt 0:00:00]} Nf6 2. c4 c5 3. d5 b5 4. Nf3 g6 5. cxb5 a6 6. b6 d6 7.
Nc3 Bg7 8. Nd2 Nbd7 9. e4 O-O 10. a4 Nxb6 11. a5 Nbd7 12. Be2 Ne8 13. O-O Nc7
14. f4 f5 15. exf5 Rxf5 16. Bg4 Rf8 17. Nc4 Rb8 18. Qd3 Nf6 19. Bxc8 Qxc8 20.
f5 Ng4 21. Bg5 Bd4+ 22. Kh1 Rxf5 23. Bxe7 Qd7 24. Bxd6 Nf2+ 25. Rxf2 Rxf2 26.
Bg3 Rf5 27. Nb6 Qf7 28. h3 Re8 29. d6 Na8 30. Nc4 Qe6 31. Kh2 Qd7 32. Rd1 Qf7
33. b3 Bf2 34. Bxf2 Rxf2 35. d7 Qf4+ 36. Qg3 Rd8 37. Ne5 Qxg3+ 38. Kxg3 Rff8
39. Ne4 Nc7 40. Nxc5 Rf5 41. Nc6 Rxc5 42. Nxd8 Rc3+ 43. Kh2 Rxb3 44. Nc6 Ne6
45. Rd6 1-0

[Event "10. Forchheimer Sparkassen Open"]
[Site "Forchheim"]
[Date "2011.10.07"]
[Round "1.18"]
[White "Heunemann, Dieter"]
[Black "Hilverda, Alexander"]
[Result "1-0"]
[WhiteElo "1861"]
[BlackElo "2150"]
[PlyCount "33"]
[EventDate "2011.??.??"]
[WhiteTeam "SV Jenapharm Jena"]
[BlackTeam "Gütersloher Schachverein von 192"]

1. d4 {[%emt 0:00:00]} d5 2. c4 c6 3. cxd5 cxd5 4. Nf3 Nf6 5. Nc3 Nc6 6. Bf4
Qb6 7. a3 Qxb2 8. Na4 Qb5 9. Bd2 Nd8 10. e4 Qd7 11. Ne5 Qc7 12. Bb5+ Bd7 13.
Nxd7 Nxd7 14. Nc5 Nc6 15. exd5 Ncb8 16. Rc1 Qb6 17. Qa4 1-0

[Event "10. Forchheimer Sparkassen Open"]
[Site "Forchheim"]
[Date "2011.10.07"]
[Round "1.19"]
[White "Krauß, Josef"]
[Black "Schmitz, Tim"]
[Result "1-0"]
[WhiteElo "2135"]
[BlackElo "1854"]
[PlyCount "89"]
[EventDate "2011.??.??"]

1. e4 {[%emt 0:00:00]} c5 2. c3 d5 3. exd5 Qxd5 4. d4 Nf6 5. Nf3 Bg4 6. dxc5
Qxd1+ 7. Kxd1 Nc6 8. Nbd2 e5 9. b4 a6 10. h3 Bf5 11. g4 Be4 12. Ke1 Rd8 13.
Nxe4 Nxe4 14. Bb2 Be7 15. Bc4 Bf6 16. Ke2 Ng5 17. Nxg5 Bxg5 18. Rad1 Ke7 19.
Rxd8 Rxd8 20. Bc1 Bxc1 21. Rxc1 f6 22. Rd1 Rxd1 23. Kxd1 g6 24. Bd5 f5 25. g5
Kd7 26. h4 Kc7 27. Bg8 Ne7 28. Bxh7 Kd7 29. h5 gxh5 30. g6 Ke6 31. g7 Kf7 32.
g8=Q+ Nxg8 33. Bxf5 Ne7 34. Be4 Nc6 35. Ke2 Kf6 36. Kf3 Kg5 37. a4 Kf6 38. Kg3
Ke6 39. Kh4 Kf6 40. Kxh5 Kf7 41. Kg4 Kf6 42. Bxc6 bxc6 43. c4 Ke6 44. Kg5 Ke7
45. Kf5 1-0

[Event "10. Forchheimer Sparkassen Open"]
[Site "Forchheim"]
[Date "2011.10.07"]
[Round "1.20"]
[White "Baumann, Mathias"]
[Black "Martin Fernandez, Rodrigo"]
[Result "0-1"]
[WhiteElo "1851"]
[BlackElo "2104"]
[PlyCount "82"]
[EventDate "2011.??.??"]
[WhiteTeam "Spvg Zabo-Eintracht Nürnberg e.V"]
[BlackTeam "SC Erlangen 48/88 e.V."]

1. d4 {[%emt 0:00:00]} Nf6 2. Nf3 c5 3. c3 e6 4. Bf4 d5 5. e3 Nc6 6. Bd3 Bd6 7.
Ne5 O-O 8. Nd2 Bxe5 9. Bxe5 Nxe5 10. dxe5 Nd7 11. Qb1 Nxe5 12. Bxh7+ Kh8 13.
Bc2 f5 14. Qd1 Qe8 15. Nf3 Nxf3+ 16. Qxf3 Bd7 17. g4 Qf7 18. g5 Bc6 19. Qf4
Rae8 20. Rg1 g6 21. Qd6 Qe7 22. Qe5+ Qg7 23. Qd6 Qe7 24. Qe5+ Kg8 25. O-O-O Rf7
26. Bb3 Qc7 27. Qg3 b5 28. f4 a5 29. h4 a4 30. Bc2 Rh7 31. Rd2 b4 32. Rh2 a3
33. cxb4 cxb4 34. Bd1 Bb5+ 35. Rc2 axb2+ 36. Kxb2 Qg7+ 37. Kb1 Bd3 38. Rh1 b3
39. axb3 Ra8 40. Kc1 Qa1+ 41. Kd2 Bxc2 0-1

[Event "10. Forchheimer Sparkassen Open"]
[Site "Forchheim"]
[Date "2011.10.07"]
[Round "1.21"]
[White "Walter, Florian"]
[Black "Pokorny, Klaus"]
[Result "1-0"]
[WhiteElo "2092"]
[BlackElo "1841"]
[PlyCount "55"]
[EventDate "2011.??.??"]

1. c4 {[%emt 0:00:00]} Nf6 2. g3 g6 3. Bg2 Bg7 4. Nc3 c5 5. Nf3 Nc6 6. O-O Rb8
7. Rb1 O-O 8. a3 d5 9. cxd5 Nxd5 10. Nxd5 Qxd5 11. d3 e5 12. Be3 Qd6 13. Nd2 b6
14. b4 cxb4 15. Nc4 Qd7 16. axb4 Bb7 17. Qa4 Rfd8 18. Rfe1 Nd4 19. Qxa7 Bxg2
20. Qxd7 Rxd7 21. Kxg2 b5 22. Na5 Bf8 23. Bxd4 exd4 24. Rec1 Ra8 25. Nc6 Rd6
26. Kf1 Ra6 27. Ne5 Ra2 28. Nf3 1-0

[Event "10. Forchheimer Sparkassen Open"]
[Site "Forchheim"]
[Date "2011.10.07"]
[Round "1.22"]
[White "Heppert, Lars"]
[Black "Fuchs, Gerhard"]
[Result "1-0"]
[WhiteElo "1833"]
[BlackElo "2074"]
[PlyCount "61"]
[EventDate "2011.??.??"]
[WhiteTeam "Schachklub 1872 im BSV Neuburg"]
[BlackTeam "SK Nürnberg 1911 e.V."]

1. c4 {[%emt 0:00:00]} b6 2. Nf3 c5 3. g3 Bb7 4. Bg2 g6 5. O-O Bg7 6. d4 cxd4
7. Nxd4 Bxg2 8. Kxg2 Nc6 9. Be3 Nf6 10. h3 O-O 11. Nc3 Na5 12. b3 d5 13. Nxd5
Nxd5 14. cxd5 Qxd5+ 15. Nf3 Qe4 16. Rc1 Rfd8 17. Qc2 Qe6 18. Rfd1 Rdc8 19. Qd3
Nc6 20. Ng5 Qf6 21. Qd7 h6 22. Bd4 Qxg5 23. Bxg7 Kxg7 24. Rxc6 Rxc6 25. Qxc6
Rf8 26. Rd7 Qa5 27. a4 e5 28. Qb7 Qb4 29. Qd5 e4 30. Rxa7 e3 31. Qe5+ 1-0

[Event "10. Forchheimer Sparkassen Open"]
[Site "Forchheim"]
[Date "2011.10.07"]
[Round "1.23"]
[White "Scherer, Holger"]
[Black "Kölbl, Jonathan"]
[Result "1-0"]
[WhiteElo "2070"]
[BlackElo "1828"]
[PlyCount "58"]
[EventDate "2011.??.??"]

1. e4 {[%emt 0:00:00]} d6 2. d4 c6 3. Nc3 Nd7 4. Nf3 Qc7 5. a4 e5 6. Bc4 Be7 7.
O-O Ngf6 8. dxe5 dxe5 9. Nh4 O-O 10. Nf5 Bc5 11. a5 b6 12. Qf3 Ne8 13. Qg3 Ndf6
14. axb6 Bxb6 15. Bg5 Bxf5 16. exf5 Bd4 17. Rfe1 Rb8 18. Na4 Bxb2 19. Nxb2 Rxb2
20. Bb3 Nd5 21. Bc1 Rxb3 22. Qxb3 Nef6 23. c4 Ne7 24. Bb2 Nd7 25. Qe3 Nxf5 26.
Qxa7 Qxa7 27. Rxa7 Nb6 28. c5 Nc4 29. Bc3 f6 1-0

[Event "10. Forchheimer Sparkassen Open"]
[Site "Forchheim"]
[Date "2011.10.07"]
[Round "1.24"]
[White "Stoll, Stefan"]
[Black "Willim, Michael"]
[Result "1-0"]
[WhiteElo "1822"]
[BlackElo "2068"]
[PlyCount "61"]
[EventDate "2011.??.??"]
[WhiteTeam "SK Mering"]
[BlackTeam "SC Erlangen 48/88 e.V."]

1. d4 {[%emt 0:00:00]} Nf6 2. c4 e6 3. Nc3 Bb4 4. g3 c5 5. Nf3 b6 6. a3 Bxc3+
7. bxc3 Nc6 8. Bg2 Bb7 9. O-O Rc8 10. Nd2 Ba6 11. Bxc6 Rxc6 12. d5 exd5 13.
cxd5 Nxd5 14. Ne4 Ne7 15. Nd6+ Kf8 16. Re1 Qb8 17. Bf4 Ng6 18. Qd5 Bc4 19. Qxc4
Rxd6 20. Bxd6+ Qxd6 21. Rad1 Qc6 22. Qg4 Ne5 23. Qf5 d6 24. f4 Nc4 25. e4 h5
26. e5 Rh6 27. e6 Rf6 28. e7+ Ke8 29. Qh7 Re6 30. Rxe6 fxe6 31. Qxg7 1-0

[Event "10. Forchheimer Sparkassen Open"]
[Site "Forchheim"]
[Date "2011.10.07"]
[Round "1.25"]
[White "Andraschko, Felix"]
[Black "Diller, Daniel"]
[Result "1-0"]
[WhiteElo "2057"]
[BlackElo "1821"]
[PlyCount "91"]
[EventDate "2011.??.??"]

1. d4 {[%emt 0:00:00]} d5 2. c4 dxc4 3. Nf3 Nf6 4. e3 e6 5. Bxc4 c5 6. O-O a6
7. dxc5 Qxd1 8. Rxd1 Bxc5 9. Nbd2 b5 10. Be2 Nc6 11. a4 b4 12. Nc4 Bb7 13. Nfd2
O-O-O 14. Nb3 Rxd1+ 15. Bxd1 Rd8 16. Be2 Be7 17. Bd2 Ne4 18. Be1 Kb8 19. Rc1
Nd6 20. Nca5 Nxa5 21. Nxa5 Rc8 22. Rxc8+ Nxc8 23. Nxb7 Kxb7 24. Bd3 g6 25. Kf1
Nb6 26. b3 Nd7 27. Ke2 Kb6 28. f4 Nf6 29. e4 Bc5 30. Kf3 Ne8 31. Bh4 Kb7 32. g4
Nc7 33. Bf6 Ne8 34. Be5 Bd6 35. Bd4 Nc7 36. h3 Be7 37. Bc4 Ne8 38. Bd3 Nc7 39.
f5 exf5 40. exf5 Ne8 41. Bc4 Nd6 42. Bd5+ Kc8 43. f6 Bd8 44. Bc5 Nb7 45. Bxb4
Bxf6 46. Bxf7 1-0

[Event "10. Forchheimer Sparkassen Open"]
[Site "Forchheim"]
[Date "2011.10.07"]
[Round "1.26"]
[White "Kölbl, Wolfgang"]
[Black "Nussbaumer, Johann"]
[Result "1-0"]
[WhiteElo "1812"]
[BlackElo "2050"]
[PlyCount "94"]
[EventDate "2011.??.??"]
[WhiteTeam "SK Klosterlechfeld"]

1. d4 {[%emt 0:00:00]} d5 2. Nf3 c6 3. Bg5 Nf6 4. Nbd2 Bf5 5. e3 Nbd7 6. h3 e6
7. Nh4 Qa5 8. Nxf5 exf5 9. Bxf6 Nxf6 10. c3 Bd6 11. Bd3 g6 12. O-O O-O 13. b4
Qc7 14. Rb1 Ne4 15. Bxe4 fxe4 16. c4 Qe7 17. cxd5 cxd5 18. Qb3 Rad8 19. a3 h5
20. Rbc1 Bb8 21. Rfe1 Qd6 22. Nf1 g5 23. Qd1 Qg6 24. Rc5 b6 25. Rc3 Rc8 26. Qc2
Rxc3 27. Qxc3 g4 28. hxg4 Qxg4 29. Rc1 Kh7 30. Qe1 Rg8 31. g3 Qh3 32. Qe2 Rg5
33. Rc2 h4 34. f4 exf3 35. Qxf3 hxg3 36. Qxf7+ Rg7 37. Qxd5 Qg4 38. Rg2 Rd7 39.
Qc4 Rg7 40. Qd5 Rd7 41. Qc4 Bd6 42. Qd3+ Kh6 43. e4 Bf4 44. Nxg3 Bxg3 45. Rxg3
Qf4 46. Rh3+ Kg5 47. Qb5+ Kg6 1-0

[Event "10. Forchheimer Sparkassen Open"]
[Site "Forchheim"]
[Date "2011.10.07"]
[Round "1.28"]
[White "Schwab, Edgar"]
[Black "Lodes, Hermann"]
[Result "0-1"]
[WhiteElo "1806"]
[BlackElo "2040"]
[PlyCount "104"]
[EventDate "2011.??.??"]
[WhiteTeam "SC Forchheim e.V."]

1. d4 {[%emt 0:00:00]} d5 2. Nf3 c6 3. c4 Nf6 4. Nc3 e6 5. Bg5 h6 6. Bxf6 Qxf6
7. e3 Nd7 8. Rc1 Bb4 9. a3 Bxc3+ 10. Rxc3 O-O 11. Be2 dxc4 12. Bxc4 e5 13. d5
c5 14. e4 Qd6 15. O-O Nf6 16. Qc2 Bd7 17. Be2 Rac8 18. Rc1 b6 19. Nd2 Rfe8 20.
Ba6 Rb8 21. Be2 Nh7 22. Nc4 Qe7 23. a4 Nf8 24. h3 Ng6 25. Ne3 Qg5 26. Qd1 Nf4
27. Bg4 Bxg4 28. Qxg4 Qxg4 29. Nxg4 Ne2+ 30. Kf1 Nxc1 31. Rxc1 Rbd8 32. Ne3 g6
33. g4 Kg7 34. Ke2 Kf6 35. h4 Rb8 36. Kd3 Rec8 37. Nc4 Re8 38. Rc3 Rbd8 39. Nd2
Ke7 40. Kc4 a6 41. Rf3 Rd6 42. Rd3 Rf6 43. f3 Rd6 44. Re3 Rc8 45. Kc3 b5 46. a5
Rdd8 47. Re1 Kd6 48. Rf1 Rf8 49. f4 exf4 50. Rxf4 Ke5 51. Rf1 f5 52. exf5 gxf5
0-1